[Event "SVK ECo-C Extraliga 2018-19"]
[Site "Slovakia"]
[Date "2018.11.11"]
[Round "2"]
[White "Bombek, Peter"]
[Black "Federic, Jozef"]
[Result "1/2-1/2"]
[WhiteElo "2217"]
[BlackElo "2213"]
[Annotator "TA"]
[PlyCount "191"]
[EventDate "2018.11.10"]
[EventType "team-tourn"]
[EventCountry "SVK"]
[SourceTitle "playchess.com"]
[Source "ChessBase"]
[SourceQuality "1"]
[WhiteTeam "Dubnica"]
[BlackTeam "Modra"]

{[%evp 15,191,0,8,0,0,0,0,0,0,0,22,14,14,18,25,14,16,7,22,20,15,6,4,2,9,10,11,10,60,68,60,24,20,26,39,0,7,0,36,35,39,14,38,39,50,15,41,26,56,0,53,47,42,44,54,44,41,35,77,35,40,46,56,14,41,0,55,0,62,0,8,8,8,8,3,3,8,8,13,-8,-8,-27,0,0,0,0,0,0,0,0,0,0,0,0,0,0,0,0,0,0,0,0,0,0,0,-8,-8,-8,-8,-19,-8,-8,-8,-8,-8,-8,-8,-8,-8,-8,-8,-1314,-1076,-1467,-976,-1467,-8,-8,-8,-8,-8,-8,-8,-8,-8,-8,-8,-8,-8,-8,-8,-96,-96,-96,-96,-96,-96,-96,-96,-97,-96,-97,-97,-98,-8,-8,0,-97,-97,-95,-8,-8,-8,-11278,-8,-8,-8,-8,-8,-8,-8,-8,-8,-8,0,0,0,0]} 1. d4 d5 2. Nf3 Nf6 3. c4 e6 4. e3 c6 5. Nbd2 Nbd7 6. Be2 Bd6 7. O-O O-O 8. Qc2 Qe7 {LiveBook: 3 Partien. D30: Damengambit (ohne Sc3)} (8... c5 9. cxd5 exd5 10. b3 b6 11. Bb2 Bb7 12. Ne5 Qe7 13. Nxd7 Nxd7 14. Rac1 Qe6 15. Rfd1 Rae8 16. g3 {1-0 (24) Johansson,L (2459)-Andersson,T (2414) Gothenburg 2017}) 9. b3 e5 10. dxe5 Nxe5 11. Bb2 Bg4 12. Rfe1 (12. Rae1 {with more complications.} Nxf3+ 13. Nxf3 dxc4 14. Ng5 cxb3 15. axb3 Be5 16. Bxe5 Qxe5 17. Nxh7 Bf5 18. Nxf6+ Qxf6 19. Qc4) 12... dxc4 13. Bxe5 $146 ({Vorgänger:} 13. Nxe5 Bxe2 14. Rxe2 Bxe5 15. Nxc4 Bxb2 16. Qxb2 {0-1 (28) Md,N (2023)-Ghosh,C (2069) Dhaka 2018}) 13... Bxe5 14. Nxe5 Qxe5 15. Nxc4 Qc7 16. h3 Bxe2 17. Rxe2 Rad8 18. Rd1 Rxd1+ 19. Qxd1 Rd8 20. Rd2 Rxd2 21. Qxd2 h6 22. Qd6 $1 {[%cal Rd6c7]} Qc8 23. Qe7 Nd5 $1 {[%cal Rd5e7]} 24. Qe5 Nf6 25. Qe7 Nd5 $1 {[%cal Rd5e7]} 26. Qe5 Nf6 27. e4 b6 28. f3 Qd8 29. Nd6 Qc7 30. g4 Qd7 31. Kf2 Nh7 32. Ke3 (32. Qd4 $14) 32... Nf8 ({Besser ist} 32... Ng5 $11) 33. Nf5 $14 {[%csl Gf5][%cal Re5g7]} Ne6 34. Qd6 Qxd6 35. Nxd6 {[%mdl 4096] Endspiel KS-KS} Kf8 36. f4 Ke7 37. Nf5+ (37. e5 {is more complex.} Nc7 38. Ke4 Nd5 39. Nf5+ Kf8 40. Nd4) 37... Kd7 38. h4 f6 39. Ng3 Ke7 (39... g5 $5 {[%cal Rg5f4]} 40. Nf5 gxh4 $14) 40. Nf5+ Kd7 41. Ng3 Ke7 42. f5 (42. b4 $14) 42... Nc7 43. Nh5 Ne8 44. g5 hxg5 45. hxg5 fxg5 46. e5 Kf7 47. Ke4 g6 48. Ng3 gxf5+ 49. Kxf5 Nc7 50. Ne4 g4 51. Ng5+ Ke7 52. Kxg4 Ne6 53. Nf3 c5 54. Kf5 b5 55. Ke4 Nc7 56. Ne1 Kd7 57. Nd3 Kc6 58. Nf4 a5 59. e6 Kd6 60. e7 Kxe7 {Weiss sollte ...Kd6 verhindern.} 61. Ke5 Kd7 {Mit der Idee ...Kc6.} 62. Ng6 Kc6 {Und weiter mit ...Sd5 wäre nett.} 63. Ne7+ Kb6 64. Nc8+ Kb7 65. Ne7 a4 66. Nf5 Kc6 67. Ne7+ Kb6 68. Nc8+ $2 {[%mdl 8192]} (68. bxa4 $11 bxa4 69. Nf5) 68... Ka5 $1 $19 69. Kd6 Na6 70. bxa4 Kxa4 $2 (70... b4 $19 71. Kd5 Kxa4) 71. Nb6+ $11 Kb4 {Droht ...Ka5.} (71... Ka3 $5 72. Kc6 $8 c4 73. Kxb5 Kxa2 74. Kxc4 Nc7 $11) 72. Nd5+ Kc4 {Droht ...b4 und aus.} 73. Nf4 $1 Nb4 74. Ne6 Nd3 75. Kc6 b4 76. Kb6 Kd5 77. Nc7+ Kd6 78. Nb5+ {[#]} (78. Ne8+ $1 $11 {hält das Gleichgewicht.} Kd5 79. Nc7+ Kd4 80. Ne6+ Kc4 81. Kc6) 78... Ke5 $1 $17 79. a4 c4 {Und ...c3 würde nun gewinnen.} 80. a5 c3 {zielt auf ...c2 ab.} 81. a6 c2 82. a7 c1=Q {( -> ...Dc5+)} 83. a8=Q Qg1+ 84. Kc7 Qg7+ ({Günstiger ist} 84... Qc5+ $17 85. Qc6 b3 86. Qxc5+ Nxc5) 85. Kb6 $11 {Schwarz muss nun Da1+ beachten.} Qg1+ (85... Kf4 $11 86. Qd5 Ke3) 86. Kc7 $17 Qc5+ 87. Qc6 b3 (87... Qxc6+ $17 88. Kxc6 b3) 88. Qxc5+ $11 Nxc5 {KS-KS} 89. Kc6 $2 {[%mdl 8192] [#]} (89. Kb6 $11) 89... b2 $2 ({Lieber} 89... Ne4 $1 $19 90. Na3 Kd4) 90. Na3 $1 {Die Stellung ist ausgeglichen.} Kd4 91. Kb5 Ne4 92. Kb4 Nd2 {[#] ...Kd3 ist eine echte Drohung.} 93. Nb1 $1 {[%mdl 512]} Kd3 {Droht stark ...Kc2.} (93... Nxb1 $5 94. Kb3 $8 Ke5 $11) 94. Ka3 Kc2 95. Nxd2 Kxd2 96. Kxb2 {Precision: Weiß = 52%, Schwarz = 51%.} 1/2-1/2

[Event "SVK ECo-C Extraliga 2018-19"]
[Site "Slovakia"]
[Date "2018.11.11"]
[Round "2"]
[White "Fiacan, Robert"]
[Black "Macko, Michal"]
[Result "1-0"]
[WhiteElo "2213"]
[BlackElo "2178"]
[Annotator "NA"]
[PlyCount "93"]
[EventDate "2018.11.10"]
[EventType "team-tourn"]
[EventCountry "SVK"]
[SourceTitle "playchess.com"]
[Source "ChessBase"]
[SourceQuality "1"]
[WhiteTeam "Snina"]
[BlackTeam "Liptovska"]
[TimeControl "40/5400+30:1800+30"]

1. e4 {[%emt 0:00:00]} c5 {[%emt 0:00:03]} 2. Nc3 {[%emt 0:00:00]} a6 {[%emt 0:00:05]} 3. Bc4 {[%emt 0:04:35]} e6 {[%emt 0:00:11]} 4. d3 {[%emt 0:01:59]} b5 {[%emt 0:06:28]} 5. Bb3 {[%emt 0:02:21] LiveBook: 5 Games} Nc6 {[%emt 0:00:14]} 6. f4 {[%emt 0:03:17]} Nd4 {[%emt 0:04:23]} 7. Nf3 {[%emt 0:01:33]} Nxb3 {[%emt 0:00:05]} 8. axb3 {[%emt 0:00:07]} Bb7 {[%emt 0:00:02]} 9. O-O {[%emt 0:00:35]} Nf6 {[%emt 0:01:55]} 10. e5 {[%emt 0:17:59]} b4 {[%emt 0:01:40]} 11. Ne2 {[%emt 0:02:38]} (11. exf6 $14 bxc3 12. bxc3) 11... Nd5 {[%emt 0:00:32]} 12. Ng3 {[%emt 0:01:34]} g6 {[%emt 0:11:38]} 13. Ne4 {[%emt 0:02:17]} f5 {[%emt 0:09:22]} 14. Neg5 {[%emt 0:10:33]} (14. exf6 $5 Nxf6 15. Nfg5 $11) 14... h6 {[%emt 0:06:19]} 15. Nh3 {[%emt 0:00:30]} Qc7 $15 {[%emt 0:01:34]} 16. Qe2 {[%emt 0:07:20]} Kf7 {[%emt 0:05:12]} 17. Nd2 {[%emt 0:02:47]} Nb6 {[%emt 0:00:17]} 18. Nf2 {[%emt 0:04:47]} d5 {[%emt 0:04:41]} 19. d4 {[%emt 0:13:53]} a5 {[%emt 0:04:31]} 20. Nf3 {[%emt 0:02:07]} Ba6 {[%emt 0:06:21]} 21. Nd3 {[%emt 0:00:21]} c4 {[%emt 0:00:21]} 22. bxc4 {[%emt 0:00:30]} dxc4 {[%emt 0:00:11]} 23. Nc5 Bxc5 {[%emt 0:00:22]} 24. dxc5 {[%emt 0:03:15]} Nd5 {[%emt 0:00:27]} 25. Qf2 {[%emt 0:00:59]} Rac8 {[%emt 0:02:17]} 26. c6 {[%emt 0:00:55]} c3 {[%emt 0:04:46]} 27. Rd1 {[%emt 0:00:30]} Bb5 {[%emt 0:14:06]} 28. bxc3 {[%emt 0:02:37]} Bxc6 {[%emt 0:00:07]} 29. cxb4 {[%emt 0:01:43]} Nc3 {[%emt 0:04:56]} 30. Rd4 {[%emt 0:05:01]} a4 {[%emt 0:04:23]} 31. Rc4 {[%emt 0:00:57]} Ne4 {[%emt 0:00:47]} 32. Qe3 {[%emt 0:02:08]} Qb7 {[%emt 0:01:40]} 33. Nd4 {[%emt 0:01:04]} Bb5 {[%emt 0:00:59]} 34. Rxc8 {[%emt 0:01:51]} Rxc8 {[%emt 0:00:08]} 35. Bb2 {[%emt 0:02:09]} Rc7 {[%emt 0:01:37]} 36. h4 {[%emt 0:01:03]} Bd7 {[%emt 0:00:54]} 37. c3 {[%emt 0:01:24]} Qc8 {[%emt 0:00:23]} 38. b5 {[%emt 0:00:52]} Nxc3 {[%emt 0:01:25]} 39. h5 {[%emt 0:00:29]} gxh5 {[%emt 0:00:20]} 40. b6 {[%emt 0:00:29]} Nd5 {[%emt 0:00:35]} 41. Qf3 {[%emt 0:02:41]} Nxb6 {[%emt 0:09:49]} 42. Qxh5+ {[%emt 0:00:18]} Kg7 {[%emt 0:03:13]} 43. Nxf5+ {[%emt 0:02:35]} exf5 {[%emt 0:00:25]} 44. e6+ {[%emt 0:00:18]} Rc3 {[%emt 0:00:07]} 45. Qf7+ {[%emt 0:00:07]} Kh8 {[%emt 0:00:08]} 46. exd7 {[%emt 0:01:54]} Nxd7 {[%emt 0:00:26]} 47. Rc1 {[%emt 0:00:27]} 1-0

[Event "SVK ECo-C Extraliga 2018-19"]
[Site "Slovakia"]
[Date "2018.11.11"]
[Round "2"]
[White "Tropp, Oliver"]
[Black "Pcola, Pavol"]
[Result "1/2-1/2"]
[WhiteElo "2209"]
[BlackElo "2382"]
[Annotator "TA"]
[PlyCount "37"]
[EventDate "2018.11.10"]
[EventType "team-tourn"]
[EventCountry "SVK"]
[SourceTitle "playchess.com"]
[Source "ChessBase"]
[SourceQuality "1"]
[WhiteTeam "Liptovska"]
[BlackTeam "Snina"]

{[%evp 14,16,-5,-5,14]} 1. Nf3 d5 2. g3 Nf6 3. Bg2 e6 4. O-O Be7 5. d3 O-O 6. Nbd2 c5 7. e4 Nc6 8. Re1 {LiveBook: 1150 Games} dxe4 {C00: French: Unusual White 2nd moves} (8... Qc7 9. e5 Nd7 10. Qe2 b5 11. Nf1 Bb7 12. Bf4 Rfc8 13. Ne3 Qd8 14. h4 h6 15. c3 b4 16. c4 Nb6 17. Rad1 Rc7 18. Ng4 Qf8 19. Qe3 Nd4 20. Nxd4 cxd4 {0-1 (44) Svidler,P (2760)-Kramnik,V (2800) Moscow 2018}) {Predecessor:} 9. dxe4 $146 e5 10. c3 Qc7 11. Qe2 Rd8 12. Nc4 h6 13. Nh4 Be6 14. Ne3 c4 15. Nhf5 Bf8 16. Qf3 Ne8 17. Nd5 Qd7 18. h4 f6 19. Be3 {½-½ (84) Maghsoodloo,P (2584)-Smirnov,P (2589) Yerevan 2017} 1/2-1/2

[Event "SVK ECo-C Extraliga 2018-19"]
[Site "Slovakia"]
[Date "2018.11.11"]
[Round "2"]
[White "Jozefek, Michal"]
[Black "Kantorik, Marian"]
[Result "0-1"]
[WhiteElo "2207"]
[BlackElo "2209"]
[Annotator "NA"]
[PlyCount "44"]
[EventDate "2018.11.10"]
[EventType "team-tourn"]
[EventCountry "SVK"]
[SourceTitle "playchess.com"]
[Source "ChessBase"]
[SourceQuality "1"]
[WhiteTeam "Osuske"]
[BlackTeam "Dunajov"]
[TimeControl "40/5400+30:1800+30"]

1. d4 {[%emt 0:00:00]} d5 {[%emt 0:00:00]} 2. c4 {[%emt 0:00:00]} e6 {[%emt 0:00:04]} 3. Nc3 {[%emt 0:00:00]} Nf6 {[%emt 0:00:07]} 4. cxd5 {[%emt 0:00:04]} exd5 {[%emt 0:00:15]} 5. Bg5 {[%emt 0:00:07]} Be7 {[%emt 0:00:30]} 6. e3 {[%emt 0:00:05]} O-O {[%emt 0:00:54]} 7. Bd3 {[%emt 0:00:05]} c6 {[%emt 0:00:46]} 8. Qc2 {[%emt 0:04:36]} h6 {[%emt 0:00:41]} 9. Bh4 {[%emt 0:00:02]} Re8 {[%emt 0:00:48]} 10. Nf3 {[%emt 0:00:18]} Ne4 {[%emt 0:01:18]} 11. Bxe4 {[%emt 0:19:39]} Bxh4 {[%emt 0:07:52]} 12. Bh7+ {[%emt 0:00:09]} Kh8 {[%emt 0:05:56]} 13. Bd3 {[%emt 0:01:54]} Rxe3+ {[%emt 0:00:51]} 14. Kd2 {[%emt 0:09:53]} Re8 {[%emt 0:13:40]} 15. Rae1 {[%emt 0:04:37]} Be6 {[%emt 0:11:00]} 16. Re2 {[%emt 0:07:17]} Nd7 {[%emt 0:01:27]} 17. Rhe1 {[%emt 0:00:37]} Bf6 {[%emt 0:01:22]} 18. Kc1 {[%emt 0:15:29]} c5 {[%emt 0:16:51]} 19. dxc5 {[%emt 0:09:28]} Nxc5 {[%emt 0:00:54]} 20. Bb5 {[%emt 0:00:08]} Re7 {[%emt 0:04:23]} 21. Rd2 {[%emt 0:01:51]} Qa5 {[%emt 0:04:08]} 22. Bf1 {[%emt 0:03:02]} Rc8 {[%emt 0:05:02]} 0-1

[Event "SVK ECo-C Extraliga 2018-19"]
[Site "Slovakia"]
[Date "2018.11.11"]
[Round "2"]
[White "Kovac, Andrej"]
[Black "Bottyan, Peter"]
[Result "1-0"]
[WhiteElo "2206"]
[BlackElo "2187"]
[Annotator "NA"]
[PlyCount "57"]
[EventDate "2018.11.10"]
[EventType "team-tourn"]
[EventCountry "SVK"]
[SourceTitle "playchess.com"]
[Source "ChessBase"]
[SourceQuality "1"]
[WhiteTeam "Slovan"]
[BlackTeam "Komarno"]
[TimeControl "40/5400+30:1800+30"]

1. b3 {[%emt 0:00:03]} e5 {[%emt 0:03:00]} 2. Bb2 {[%emt 0:00:09]} Nc6 {[%emt 0:00:13]} 3. e3 {[%emt 0:00:07]} d5 {[%emt 0:01:04]} 4. Bb5 {[%emt 0:06:20]} f6 {[%emt 0:23:06]} 5. f4 {[%emt 0:13:47]} exf4 {[%emt 0:06:15]} 6. exf4 {[%emt 0:00:41]} Bc5 {[%emt 0:00:29]} 7. Nc3 {[%emt 0:01:33]} Qe7+ {[%emt 0:07:05]} 8. Nge2 {[%emt 0:06:08]} Be6 {[%emt 0:08:05]} 9. f5 {[%emt 0:13:28]} Bxf5 {[%emt 0:05:19]} 10. d4 {[%emt 0:01:58]} Bb4 {[%emt 0:05:01]} 11. O-O {[%emt 0:02:06]} Be4 {[%emt 0:03:52]} 12. Nxe4 {[%emt 0:11:55]} Qxe4 {[%emt 0:04:09]} 13. Ng3 {[%emt 0:00:11]} Qe3+ {[%emt 0:05:55]} 14. Kh1 {[%emt 0:00:03]} Nge7 {[%emt 0:00:23]} 15. a3 {[%emt 0:11:29]} Bd6 {[%emt 0:15:03]} 16. Nf5 {[%emt 0:00:18]} Qg5 {[%emt 0:02:37]} 17. Bxc6+ {[%emt 0:03:26]} Nxc6 {[%emt 0:03:26]} 18. Qe2+ {[%emt 0:03:56]} Kd7 {[%emt 0:00:17]} 19. Qb5 {[%emt 0:00:53]} Rae8 {[%emt 0:01:14]} 20. Nxd6 {[%emt 0:08:11]} Kxd6 {[%emt 0:00:46]} 21. Bc1 {[%emt 0:00:08]} Qg4 {[%emt 0:02:32]} 22. Bf4+ {[%emt 0:00:49]} Kd7 {[%emt 0:00:23]} 23. Qxb7 {[%emt 0:00:13]} Rc8 {[%emt 0:00:39]} 24. Rae1 {[%emt 0:00:51]} g5 {[%emt 0:00:17]} 25. Bg3 {[%emt 0:01:00]} Qxd4 {[%emt 0:00:43]} 26. Bf2 {[%emt 0:04:29]} Qg4 {[%emt 0:00:35]} 27. Qb5 {[%emt 0:00:54]} Qf5 {[%emt 0:00:31]} 28. Bg3 {[%emt 0:00:52]} a6 {[%emt 0:00:29]} 29. Qc5 {[%emt 0:00:31]} 1-0

[Event "SVK ECo-C Extraliga 2018-19"]
[Site "Slovakia"]
[Date "2018.11.11"]
[Round "2"]
[White "Sepesi, Samuel"]
[Black "Hros, Roman"]
[Result "1-0"]
[WhiteElo "2205"]
[BlackElo "2191"]
[Annotator "TA"]
[PlyCount "41"]
[EventDate "2018.11.10"]
[EventType "team-tourn"]
[EventCountry "SVK"]
[SourceTitle "playchess.com"]
[Source "ChessBase"]
[SourceQuality "1"]
[WhiteTeam "Snina"]
[BlackTeam "Liptovska"]

{[%evp 19,41,39,54,19,20,-5,34,-7,97,68,84,94,670,733,729,720,718,706,29988,29989,29988,1172,2289,2254]} 1. e4 e5 2. Nf3 Nc6 3. d4 exd4 4. Nxd4 Qh4 5. Nc3 Bb4 6. Be2 Qxe4 7. Ndb5 Kd8 8. O-O Bxc3 9. bxc3 Nf6 10. Rb1 {C45: Scotch Game} (10. Re1 Re8 11. Be3 d6 12. Rb1 Bd7 13. c4 Ne5 14. c5 Bc6 15. Bf1 Qg6 16. Nd4 Bd5 17. Bf4 Nfd7 {1-0 (30) Vescovi,G (2646)-Rodriguez Vila,A (2479) Sao Paulo 2005}) 10... Re8 {LiveBook: 4 Games} 11. Be3 {[%mdl 1024] White has compensation.} (11. Bf3 $5 {[%cal Rf3e4]} Qc4 12. Bg5 $11) 11... d6 12. Qd2 $146 {The position is equal.} ({Predecessor:} 12. Qc1 Ne5 13. f3 Qg6 14. Nd4 h6 15. f4 Ned7 16. f5 Qh7 17. Bf3 Ne4 18. Qa3 {1-0 (53) Borwell,A (2244)-Mai,W (2141) ICCF email 2007}) 12... Re7 13. Rfe1 Be6 (13... Bf5 $11) 14. Bf3 Qc4 15. Bg5 a6 $2 {[%mdl 8192] [#]} (15... Bd7 $16) 16. Nxd6 $1 $18 {[%mdl 512]} cxd6 17. Qxd6+ Ke8 {[#]} 18. Rxb7 $1 {[%mdl 512]} Qxc3 (18... Rxb7 19. Bxc6+) 19. Bxc6+ Kf8 20. Bd2 (20. Qxe7+ $142 Kg8 21. Rxe6 Kh8 22. Bxf6 gxf6 {[#]} 23. g3 $3 {[%mdl 512]} Rd8 24. Qxd8+ Kg7 25. Rxf7+ $1 {[%mdl 512]} Kh6 26. Rexf6+ Kh5 27. Rf5+ Kh6 28. Qg5#) 20... Qc4 21. Rxe7 {Precision: White = 33%, Black = 32%.} 1-0

[Event "SVK ECo-C Extraliga 2018-19"]
[Site "Slovakia"]
[Date "2018.11.11"]
[Round "2"]
[White "Motycakova, Monika"]
[Black "Pcola st., Jaroslav"]
[Result "1-0"]
[WhiteElo "2148"]
[BlackElo "2113"]
[Annotator "NA"]
[PlyCount "77"]
[EventDate "2018.11.10"]
[EventType "team-tourn"]
[EventCountry "SVK"]
[SourceTitle "playchess.com"]
[Source "ChessBase"]
[SourceQuality "1"]
[WhiteTeam "Liptovska"]
[BlackTeam "Snina"]
[TimeControl "40/5400+30:1800+30"]

1. e4 {[%emt 0:00:05]} c5 {[%emt 0:00:00]} 2. Nf3 {[%emt 0:00:15]} Nc6 {[%emt 0:00:12]} 3. d4 {[%emt 0:00:16]} cxd4 {[%emt 0:00:17]} 4. Nxd4 {[%emt 0:00:12]} g6 {[%emt 0:01:03]} 5. c4 {[%emt 0:00:27]} Nf6 {[%emt 0:02:49]} 6. Nc3 {[%emt 0:00:08]} Nxd4 {[%emt 0:00:43]} 7. Qxd4 {[%emt 0:00:08]} d6 {[%emt 0:00:25]} 8. Be2 {[%emt 0:00:39]} Bg7 {[%emt 0:00:45]} 9. Be3 {[%emt 0:01:32]} O-O {[%emt 0:00:41]} 10. Qd2 {[%emt 0:00:59]} a5 {[%emt 0:01:14]} 11. O-O {[%emt 0:01:20]} Bd7 {[%emt 0:01:02]} 12. f3 {[%emt 0:03:15]} Bc6 {[%emt 0:00:44]} 13. b3 {[%emt 0:01:45]} Nd7 {[%emt 0:01:00]} 14. Rab1 {[%emt 0:00:38]} Nc5 {[%emt 0:03:09] LiveBook: 19 Games} 15. Rfc1 {[%emt 0:00:35]} Re8 {[%emt 0:35:24]} 16. Rc2 {[%emt 0:04:19]} Qb6 {[%emt 0:06:36]} 17. Bf1 {[%emt 0:02:01]} Rec8 {[%emt 0:00:18]} 18. Qf2 {[%emt 0:12:35]} Qd8 $14 {[%emt 0:01:18]} 19. Qd2 {[%emt 0:17:12]} Be5 {[%emt 0:07:26]} 20. a3 {[%emt 0:01:54]} a4 {[%emt 0:16:32]} 21. b4 {[%emt 0:04:00]} Ne6 {[%emt 0:04:31]} 22. b5 {[%emt 0:27:45]} Bxc3 {[%emt 0:05:45]} 23. Qxc3 {[%emt 0:10:15]} Be8 {[%emt 0:00:54]} 24. e5 {[%emt 0:02:55]} Qc7 {[%emt 0:01:07]} 25. exd6 {[%emt 0:01:16]} exd6 {[%emt 0:00:48]} 26. Rd2 {[%emt 0:03:20]} Qe7 {[%emt 0:02:41]} 27. Qb4 {[%emt 0:03:00]} Nc5 {[%emt 0:00:40]} 28. Bf2 {[%emt 0:00:15]} b6 {[%emt 0:02:46]} 29. Bd4 {[%emt 0:00:34]} f6 {[%emt 0:03:05]} 30. Re2 {[%emt 0:00:36]} Qd8 {[%emt 0:00:18]} 31. Rbe1 {[%emt 0:00:23]} Bf7 {[%emt 0:00:46]} 32. Re7 {[%emt 0:00:06]} Rc7 {[%emt 0:00:30]} 33. Bxf6 {[%emt 0:00:28]} Rxe7 {[%emt 0:00:22]} 34. Rxe7 {[%emt 0:01:04]} Qf8 {[%emt 0:00:34]} 35. Qc3 {[%emt 0:00:35]} Re8 {[%emt 0:00:22]} 36. Rxe8 {[%emt 0:00:18]} Qxe8 {[%emt 0:00:27]} 37. Qd2 {[%emt 0:00:21]} Qe6 {[%emt 0:00:33]} 38. Bb2 {[%emt 0:00:16]} Nb3 {[%emt 0:00:33]} 39. Qh6 {[%emt 0:00:32]} 1-0

[Event "SVK ECo-C Extraliga 2018-19"]
[Site "Slovakia"]
[Date "2018.11.11"]
[Round "2"]
[White "Cajka, Tibor"]
[Black "Hanko, Pavol"]
[Result "0-1"]
[WhiteElo "2116"]
[BlackElo "2086"]
[Annotator "NA"]
[PlyCount "88"]
[EventDate "2018.11.10"]
[EventType "team-tourn"]
[EventCountry "SVK"]
[SourceTitle "playchess.com"]
[Source "ChessBase"]
[SourceQuality "1"]
[WhiteTeam "Osuske"]
[BlackTeam "Dunajov"]
[TimeControl "40/5400+30:1800+30"]

1. e4 {[%emt 0:00:00]} c5 {[%emt 0:00:00]} 2. Nf3 {[%emt 0:00:00]} e6 {[%emt 0:00:12]} 3. d4 {[%emt 0:00:00]} cxd4 {[%emt 0:00:11]} 4. Nxd4 {[%emt 0:00:00]} Nf6 {[%emt 0:00:19]} 5. Nc3 {[%emt 0:00:00]} d6 {[%emt 0:00:24]} 6. g4 {[%emt 0:00:17]} h6 {[%emt 0:00:19]} 7. h4 {[%emt 0:00:04]} h5 {[%emt 0:01:09]} 8. g5 {[%emt 0:05:31]} Ng4 {[%emt 0:00:50]} 9. Be2 {[%emt 0:00:04]} Nc6 {[%emt 0:03:17]} 10. Bxg4 {[%emt 0:13:30]} hxg4 {[%emt 0:05:05]} 11. Nxc6 {[%emt 0:03:27]} bxc6 {[%emt 0:00:38]} 12. e5 {[%emt 0:04:02]} dxe5 {[%emt 0:19:28]} 13. Qxg4 {[%emt 0:06:28]} Qd4 {[%emt 0:00:42]} 14. Qf3 {[%emt 0:10:55]} Bb7 {[%emt 0:02:10]} 15. Be3 {[%emt 0:17:13]} Qb4 {[%emt 0:03:30]} 16. O-O-O {[%emt 0:00:54]} c5 {[%emt 0:04:57]} 17. Qh3 {[%emt 0:01:00]} Bxh1 {[%emt 0:02:05]} 18. Qxh1 {[%emt 0:00:08]} Rc8 {[%emt 0:00:16]} 19. h5 {[%emt 0:00:45]} Qb6 {[%emt 0:08:18]} 20. h6 {[%emt 0:13:16]} Rd8 {[%emt 0:02:11]} 21. Rxd8+ {[%emt 0:02:36]} Kxd8 {[%emt 0:00:27]} 22. Qa8+ {[%emt 0:01:39]} Kd7 {[%emt 0:01:44]} 23. Na4 {[%emt 0:07:24]} Qa5 {[%emt 0:03:53]} 24. Qb7+ {[%emt 0:02:01]} Qc7 {[%emt 0:00:37]} 25. hxg7 {[%emt 0:05:04]} Bxg7 {[%emt 0:04:32]} 26. Nxc5+ {[%emt 0:00:15]} Kd8 {[%emt 0:00:13]} 27. Qe4 {[%emt 0:04:15]} Ke8 {[%emt 0:12:14]} 28. Na6 {[%emt 0:00:26]} Qd8 {[%emt 0:01:22]} 29. g6 {[%emt 0:00:44]} Bh6 {[%emt 0:04:31]} 30. gxf7+ {[%emt 0:02:20]} Kxf7 {[%emt 0:00:59]} 31. Nc5 {[%emt 0:00:40]} Qd5 {[%emt 0:00:59]} 32. Bxh6 {[%emt 0:00:29]} Rxh6 {[%emt 0:00:34]} 33. Qxd5 {[%emt 0:00:29]} exd5 {[%emt 0:00:09]} 34. Nd3 {[%emt 0:00:20]} Ke6 {[%emt 0:01:45]} 35. Kd2 {[%emt 0:00:10]} Rh8 {[%emt 0:00:25]} 36. c3 {[%emt 0:00:26]} Rb8 {[%emt 0:00:17]} 37. b4 {[%emt 0:00:57]} d4 {[%emt 0:02:06]} 38. c4 {[%emt 0:00:35]} Kf5 {[%emt 0:01:16]} 39. f3 {[%emt 0:00:30]} Rh8 {[%emt 0:00:47]} 40. a4 {[%emt 0:00:30]} Rh2+ {[%emt 0:01:00]} 41. Kd1 {[%emt 0:04:54]} e4 {[%emt 0:00:26]} 42. fxe4+ {[%emt 0:01:21]} Kxe4 {[%emt 0:00:19]} 43. Ne1 {[%emt 0:01:23]} Rb2 {[%emt 0:04:43]} 44. b5 {[%emt 0:00:36]} Rb4 {[%emt 0:00:14]} 0-1